000 00779nam a2200229 a 4500
001 44663
003 BD-RjUL
005 20211209053910.0
008 160719r19681963I ||||| |||| 00| 0 ben d
020 _c : TK 2.00
035 _a(BD-RjUL)44781
040 _aBD-RjUL
_bben
_cBD-RjUL
041 _aben
082 _223
_a891.441
_bUDM 1968
100 1 _aউদদীন, জসীম
_9136998
245 1 0 _aমা যে জননী কান্দে /
_cজসীম উদদীন
260 _aঢাকা :
_bপলাশ প্রকাশনী,
_c১৯৬৩ [পুনঃ সং ১৯৬৮]
300 _a৫৮ পৃ. ;
_c১৯ সেমি.
650 _aবাংলা
_vকবিতা
_9136878
650 _aBengali
_vPoetry
_9136903
942 _2ddc
_cBK
999 _c44663
_d44663